000
00267nam a22001217a 4500
008
181217b xxu||||| |||| 00| 0 eng d
041
_a
eng
080
_2
4 th
_a
611
100
_a
7
101
_a
ANA
245
_a
Atlas Human Anatomy
_c
Netter.F.H
942
_2
udc
_c
BK
999
_c
53204
_d
53204